[Event "Xtracon Invite Chess 2020"]
[Site "Vaerloese"]
[Date "2020.01.17"]
[Round "6.4"]
[White "Antonsen, Mikkel"]
[Black "Sveshnikov, Evgeny"]
[Result "1-0"]
[WhiteElo "2384"]
[BlackElo "2481"]
[Annotator "TA"]
[PlyCount "165"]
[EventDate "2020.01.13"]
[EventType "tourn"]
[EventCountry "DEN"]
[SourceTitle "playchess.com"]
[Source "ChessBase"]
[SourceQuality "1"]

{[%evp 15,165,11,17,30,18,1,31,-60,-47,-109,0,-5,55,53,56,58,44,-18,-16,-16,-11,-27,-2,-16,-22,-17,-14,-20,-8,-33,0,-35,-23,-55,-31,-55,-66,-63,-56,-61,-46,-55,-16,-12,-3,-18,0,0,0,0,0,0,0,0,-4,-17,26,26,26,26,26,26,26,17,26,26,27,39,26,26,26,26,41,26,26,26,26,8,26,26,26,0,26,26,26,26,26,0,26,0,26,0,26,0,26,26,26,26,30,1,142,0,0,8,26,26,26,0,8,0,0,0,26,26,30,26,26,26,26,18,26,0,26,18,26,0,0,0,0,0,30,15,31,33,87,87,96,113,197,185,570,550,1728,1349,2464,2044,1847,1836,29982,29983,29985,29981]} 1. d4 d5 2. c4 e6 3. Nf3 Nf6 4. g3 dxc4 5. Bg2 c5 6. O-O Nc6 7. Qa4 Bd7 8. dxc5 Na5 9. Qa3 {E04: Open Catalan: 5 Nf3} (9. Qc2 Bxc5 10. Ne5 O-O 11. Rd1 Qe7 12. Nxc4 Rac8 13. b3 b5 14. Qd2 Bb4 15. Ba3 Bxa3 16. Ncxa3 b4 17. Nc2 Rb8 18. Ne3 Rfd8 19. Qb2 Bb5 20. Rxd8+ Rxd8 21. a3 Bc6 22. axb4 Qxb4 23. Qc3 Qxc3 {½-½ (23) Sargissian,G (2689)-Fridman,D (2616) Moscow 2019}) 9... Rc8 10. Be3 Nd5 11. Bd4 $146 ({White should try} 11. Ne5 $1 $14 Nxe3 12. fxe3 Rxc5 13. Nxf7) ({Predecessor:} 11. Bd2 b6 12. b4 cxb3 13. axb3 Rxc5 14. Qb2 Qc7 15. Na3 Be7 16. Bg5 Bxg5 17. Nxg5 {½-½ (28) Konyshev,A (2391)-Kljucharev,S (2395) Kemerovo 2009}) 11... Nc6 $15 12. e3 ({Better is} 12. Bc3 $15) 12... b6 (12... b5 $1 $17 13. Nbd2 a5) 13. Nc3 $11 Nxc3 ({Black should play} 13... Nxd4 $11 14. exd4 bxc5 15. Qxa7 (15. Nxd5 exd5 16. Qxa7 Be7 $11) 15... Be7) 14. Qxc3 $14 Nxd4 15. exd4 {Threatens to win with Ne5.} bxc5 16. Ne5 (16. d5 $14 exd5 17. Rfe1+ Be6 18. Bh3) 16... cxd4 $11 17. Qxd4 {Strongly threatening Rfd1.} Bc5 18. Qc3 (18. Qg4 {keeps more tension.} Qf6 19. Nxd7 Kxd7 20. Rac1 Bb6 21. Rxc4 Rxc4 22. Qxc4 Rd8 23. Rd1+) 18... Ba4 (18... Qf6 {is more complex.} 19. Rae1 Bd6 20. Nxc4 Qxc3 21. Nxd6+ Ke7) 19. Nxc4 O-O $1 20. Rac1 Qe7 21. Qa5 Be8 22. a3 Qf6 23. Rc2 Bd4 24. b4 e5 25. Rfc1 Bd7 26. Ne3 Rxc2 27. Rxc2 Be6 28. Qa6 Qg6 {...Bxe3 is the strong threat.} 29. Qe2 h5 30. Nd5 {And now Ne7+ would win.} Re8 31. Be4 f5 32. Bf3 Bf7 33. Rc8 Kf8 34. Rxe8+ Bxe8 35. Nc7 Bf7 (35... h4 $5 36. Kg2 Bc6 $17) 36. Nb5 Qb6 37. Nxd4 Qxd4 38. Bxh5 g6 39. Bf3 e4 40. Qd1 Qc3 41. Be2 Qxa3 42. Qd8+ Kg7 43. Qd4+ Kg8 44. h4 Qc1+ 45. Bf1 Qc7 46. b5 Qe7 47. Kh2 Kh7 48. Kg1 Be8 49. Bc4 Bf7 50. Be2 Be8 51. Qd5 Bf7 52. Qc6 Be8 53. Qc8 Bf7 54. h5 Be8 55. Kh2 Bf7 56. hxg6+ Bxg6 57. Bc4 Qf6 {[#]} (57... e3 $11 {remains equal.}) 58. Qg8+ ({But not} 58. b6 $6 axb6 59. Qc7+ Kh6 $11) (58. Qc5 $1 $16 {[%cal Rc5a7]} Qg7 59. Be6) 58... Kh6 59. Qb8 Qd4 60. Qf4+ Kg7 61. Bf1 Qc5 62. Kh3 Be8 63. Qg5+ Bg6 64. Kg2 Qe5 65. Qe3 Qe7 66. Be2 Bf7 67. Qf4 Bg6 68. Kh3 Bh7 69. Bc4 Bg6 70. Bd5 Be8 71. Bc6 Bf7 72. Kh2 Bg6 73. Kg2 Qf7 74. Qe5+ Qf6 {[#]} (74... Kh7 $14) 75. Qc7+ $1 $16 Qf7 76. Bd7 f4 (76... e3 $16) 77. gxf4 $18 {aiming for f5.} Kh6 $2 (77... Kh8 {is a better chance.} 78. Qe5+ Qg7) 78. Qxa7 Bh5 {intending ...Bf3+.} 79. Qb6+ Kh7 80. Qe6 Qg7+ 81. Kh2 Qd4 82. Qe7+ Kh8 83. Qf8+ {Played: Qe7-e5} 1-0

[Event "Xtracon Invite Chess 2020"]
[Site "Vaerloese"]
[Date "2020.01.17"]
[Round "6.5"]
[White "Olsen, Filip Boe"]
[Black "Kristensen, Kaare Hove"]
[Result "1/2-1/2"]
[WhiteElo "2353"]
[BlackElo "2350"]
[Annotator "TA"]
[PlyCount "58"]
[EventDate "2020.01.13"]
[EventType "tourn"]
[EventCountry "DEN"]
[SourceTitle "playchess.com"]
[Source "ChessBase"]
[SourceQuality "1"]

{[%evp 15,58,0,0,0,0,0,-16,-42,-12,-15,-9,-16,-10,-5,0,-5,-6,-8,-14,-18,0,-10,-13,-12,0,0,0,0,0,0,0,0,0,-8,0,0,0,0,0,0,0,0,0,0,0]} 1. d4 Nf6 2. Nf3 b6 3. g3 Bb7 4. Bg2 c5 5. dxc5 bxc5 6. c4 g6 7. O-O Bg7 8. Nc3 O-O 9. Re1 {A47: 1 d4 Nf6 2 Nf3 b6: Torre, London and Colle Systems} (9. Bf4 d6 10. Qd2 Nbd7 11. Bh6 Rb8 12. Bxg7 Kxg7 13. b3 h6 14. Rad1 Ne4 15. Nxe4 Bxe4 16. Qf4 Nf6 {0-1 (49) Miton,K (2588)-Indjic,A (2620) St Petersburg 2018}) 9... d6 10. e4 Nfd7 11. e5 dxe5 $146 ({Predecessor:} 11... Nxe5 12. Nxe5 Bxg2 13. Kxg2 Bxe5 {0-1 (13) Janosi,E (2158)-Helmer,J (2207) LSS email 2009}) 12. Nxe5 {The position is equal.} Bxg2 13. Nxd7 Nxd7 14. Kxg2 Ne5 15. Qxd8 Rfxd8 16. Rb1 e6 17. Bg5 Rdc8 18. Na4 Nxc4 19. Rec1 h6 {[#] And now ...Nb6 would win.} 20. Rxc4 {Hoping for Be3.} hxg5 21. Rbc1 Rd8 22. Rxc5 Rd2 23. R1c2 Rad8 24. Rc8 Kh7 25. Rxd8 Rxc2 26. Rd7 Kg8 27. Rd8+ Kh7 28. Rd7 Kg8 29. Rd8+ Kh7 {Accuracy: White = 61%, Black = 60%.} 1/2-1/2

[Event "Xtracon Invite Chess 2020"]
[Site "Vaerloese"]
[Date "2020.01.17"]
[Round "7.1"]
[White "Berkes, Ferenc"]
[Black "Antonsen, Mikkel"]
[Result "1-0"]
[WhiteElo "2649"]
[BlackElo "2384"]
[Annotator "TA"]
[PlyCount "81"]
[EventDate "2020.01.13"]
[EventType "tourn"]
[EventCountry "DEN"]
[SourceTitle "playchess.com"]
[Source "ChessBase"]
[SourceQuality "1"]

{[%evp 18,81,0,10,20,17,43,48,57,47,57,58,58,49,38,40,115,105,109,107,102,107,184,190,185,192,195,204,196,201,191,185,202,190,185,186,184,183,166,168,177,173,183,177,188,185,181,166,192,196,208,180,171,172,187,184,183,179,177,179,177,165,184,184,233,232]} 1. d4 d5 2. Nf3 Nf6 3. c4 e6 4. g3 Be7 5. Bg2 O-O 6. O-O dxc4 7. Qa4 a6 8. Qxc4 b5 9. Qc2 Bb7 10. Bd2 Bd6 {E05: Open Catalan: 5 Nf3 Be7} (10... Be4 11. Qc1 Nc6 12. Be3 b4 13. Nbd2 Bd5 14. Bg5 Nxd4 15. Nxd4 Bxg2 16. Nxe6 fxe6 17. Kxg2 Qd5+ 18. Nf3 c5 19. Qc2 c4 {1-0 (36) Giri,A (2776)-Aronian,L (2772) Kolkata 2019}) 11. Re1 Nbd7 12. e4 {Black must now prevent e5.} e5 {White is slightly better.} 13. Ba5 Re8 $146 ({Predecessor:} 13... Qe8 14. dxe5 Nxe5 15. Nbd2 Nfd7 16. Nxe5 Nxe5 17. f4 Nc6 18. e5 {0-1 (80) Oganian,M (2370)-Mokshanov,A (2458) Samara 2015}) 14. Nbd2 exd4 15. Nxd4 {aiming for e5!} Qc8 16. Nf5 g6 (16... Bf8 $14) 17. Nxd6 $16 cxd6 18. Qd3 Ne5 19. Qxd6 Qe6 (19... Re6 $16 {was called for.} 20. Qa3 Qd7) 20. Qxe6 $18 {White is clearly better.} Rxe6 21. Bc3 Nfd7 22. Nb3 {Threatens to win with Rad1.} Nd3 23. Red1 N7c5 24. Na5 Bxe4 25. b4 Bxg2 26. bxc5 ({Don't take} 26. Kxg2 $6 Nxf2 27. bxc5 Nxd1 $14) 26... Be4 {[#]} 27. f3 $1 {[%mdl 512]} Nxc5 (27... Bxf3 28. Rxd3) 28. fxe4 Nxe4 29. Bb4 Ng5 30. h4 Nf3+ 31. Kg2 Ne5 32. Rd6 Rxd6 33. Bxd6 Ng4 34. Kf3 f5 35. Re1 Rc8 36. Bb4 Rc2 {[%csl Gg4][%cal Rc2f2] [#]} 37. Re2 Nh2+ 38. Kf2 $1 Ng4+ 39. Kf1 Rc1+ 40. Kg2 Kf7 41. Nb7 {Accuracy: White = 93%, Black = 61%.} 1-0

[Event "Xtracon Invite Chess 2020"]
[Site "Vaerloese"]
[Date "2020.01.17"]
[Round "7.2"]
[White "Thybo, Jesper Sondergaard"]
[Black "Hector, Jonny"]
[Result "1/2-1/2"]
[WhiteElo "2579"]
[BlackElo "2481"]
[Annotator "TA"]
[PlyCount "131"]
[EventDate "2020.01.13"]
[EventType "tourn"]
[EventCountry "DEN"]
[SourceTitle "playchess.com"]
[Source "ChessBase"]
[SourceQuality "1"]

{[%evp 22,131,6,8,33,26,29,25,27,24,25,12,28,23,20,0,0,0,23,25,31,18,288,27,30,19,62,10,28,28,28,28,47,47,50,50,57,43,83,83,90,70,98,100,104,34,29,33,58,56,58,21,68,68,74,75,68,68,68,68,59,56,68,68,164,164,161,148,148,148,156,156,152,122,143,64,170,164,164,164,171,171,171,171,171,171,350,171,171,0,339,345,318,304,329,312,268,178,178,177,169,55,52,22,22,15,25,15,22,22,26,25]} 1. d4 d5 2. c4 c6 3. Nf3 Nf6 4. Nc3 dxc4 5. a4 Bf5 6. Ne5 Nbd7 7. Nxc4 Qc7 8. g3 e5 9. dxe5 Nxe5 10. Bf4 Nfd7 11. Bg2 f6 12. O-O Be6 {D17: Slav Defence: 5 a4 Bf5: Lines with 6 Nh4 and 6 Ne5} (12... g5 13. Nxe5 gxf4 14. Nxd7 Qxd7 15. a5 fxg3 16. hxg3 Qxd1 17. Rfxd1 a6 18. Rd4 Rd8 19. Rad1 Rxd4 20. Rxd4 {1-0 (48) So,W (2775)-Akopian,V (2648) Doha 2015}) 13. Nxe5 Nxe5 14. a5 Rd8 15. Qa4 a6 $1 16. Rad1 Rxd1 17. Rxd1 Kf7 $1 18. Bxe5 $146 ({Predecessor:} 18. Ne4 Be7 19. b4 Rd8 20. Rb1 {½-½ (38) Zuev,K (2149)-Shuvalov,E ICCF email 2009}) 18... Qxe5 19. Rd8 Qc7 20. Ra8 {And now Bd5! would win.} g6 21. Ne4 Bg7 $2 {[%mdl 8192]} (21... Rg8 $1 $11 {and Black has nothing to worry.}) 22. Rxh8 $2 (22. Ra7 $1 $18 {[%cal Ra7b7]} Rb8 23. Nc5) 22... Bxh8 $11 23. Qb4 {aiming for Nd6+.} Kg8 24. h4 ({White should try} 24. e3 $14) 24... Bg7 25. Nc5 Bc8 26. Qc4+ Qf7 27. Qf4 Bf8 28. b4 Kg7 29. Qb8 Bg4 30. Nxb7 Bxe2 31. Nd8 Qe7 32. Nxc6 Qd7 33. h5 (33. Qb6 $16) 33... gxh5 $14 34. Qf4 Qd1+ 35. Kh2 Bd6 36. Qe4 Qd3 37. Nd4 Qxe4 38. Bxe4 {[%mdl 4096] Endgame KBB-KBN} Bg4 39. b5 axb5 40. Nxb5 Bc5 41. f4 {Strongly threatening a6.} Bd7 42. Nc7 f5 {[#]} ({Better is} 42... Kf7 $14) 43. Bc6 $1 $18 {[%cal Rc6d7][%mdl 512]} Bc8 (43... Bxc6 44. Ne6+) 44. Kh3 Kf6 45. a6 $1 Ke7 46. Bb7 $1 {[%cal Rb7c8]} Bd7 47. Kh4 Kd6 48. Nd5 Be6 {[#]} (48... Bb5 $1 $14) 49. Nf6 $1 Kc7 50. Nxh7 Bf7 51. Ng5 Be7 52. Bf3 {Threatens to win with a7.} Kb6 {[#]} 53. Be2 $1 Ka7 $2 (53... Be8 {was called for.} 54. Bxh5 Bb5) 54. Kh3 (54. Bxh5 $142 Be6 55. Be2) 54... Bd5 55. Kh4 $2 (55. Bxh5 Kxa6 56. Be2+ Kb6 57. Bd3) 55... Bf7 $1 56. Bxh5 Bc4 57. Bg6 Kxa6 58. Bxf5 Kb6 59. Kh5 Kc5 60. Be6 {Black must now prevent Bxc4.} Be2+ 61. Kg6 (61. Bg4 $18 Bb5 62. Bd1) 61... Kd4 $14 62. f5 {Hoping for f6.} Bd6 $1 63. f6 Bxg3 64. f7 Bd6 65. Kf6 Bh5 66. Nh7 {Accuracy: White = 57%, Black = 49%.} 1/2-1/2

[Event "Xtracon Invite Chess 2020"]
[Site "Vaerloese"]
[Date "2020.01.17"]
[Round "7.3"]
[White "Kristensen, Kaare Hove"]
[Black "Yankelevich, Lev"]
[Result "0-1"]
[WhiteElo "2350"]
[BlackElo "2483"]
[Annotator "ChessBase"]
[PlyCount "88"]
[EventDate "2020.01.13"]
[EventType "tourn"]
[EventCountry "DEN"]
[SourceTitle "playchess.com"]
[Source "ChessBase"]
[SourceQuality "1"]
[TimeControl "40/5400+30:1800+30"]

1. c4 {[%emt 0:00:00]} g6 {[%emt 0:00:30]} 2. Nc3 {[%emt 0:00:13]} Bg7 {[%emt 0:00:29]} 3. d4 {[%emt 0:00:20]} Nf6 {[%emt 0:00:29]} 4. e4 {[%emt 0:00:16]} d6 {[%emt 0:00:03]} 5. f4 {[%emt 0:00:43]} c5 {[%emt 0:01:28]} 6. dxc5 {[%emt 0:00:50]} O-O {[%emt 0:00:07]} 7. Nf3 {[%emt 0:05:27]} Na6 {[%emt 0:00:11]} 8. cxd6 {[%emt 0:09:11]} exd6 {[%emt 0:01:51]} 9. Bd3 {[%emt 0:05:02]} Qb6 {[%emt 0:00:03]} 10. Qe2 {[%emt 0:04:20]} Nc5 {[%emt 0:00:13]} 11. Rb1 {[%emt 0:24:43]} Re8 {[%emt 0:34:02]} 12. Be3 {[%emt 0:04:01]} Bf5 {[%emt 0:03:08]} 13. Bxc5 {[%emt 0:16:36]} Qxc5 {[%emt 0:00:54]} 14. Kd2 {[%emt 0:01:38]} Nxe4+ {[%emt 0:05:16]} 15. Nxe4 {[%emt 0:00:36]} Qb4+ {[%emt 0:06:34]} 16. Kd1 {[%emt 0:02:43]} d5 {[%emt 0:06:35]} 17. a3 {[%emt 0:01:56]} Qa4+ {[%emt 0:07:16]} 18. b3 {[%emt 0:04:15]} Qd7 {[%emt 0:01:22]} 19. cxd5 {[%emt 0:01:20]} Bxe4 {[%emt 0:06:01]} 20. Bxe4 {[%emt 0:00:51]} f5 {[%emt 0:00:02]} 21. Ne5 {[%emt 0:03:14]} Bxe5 {[%emt 0:00:18]} 22. Bf3 {[%emt 0:01:10]} Bxf4 {[%emt 0:00:34]} 23. Qc4 {[%emt 0:01:20]} Qd6 {[%emt 0:00:06]} 24. Re1 {[%emt 0:03:23]} Bxh2 {[%emt 0:01:25]} 25. Rxe8+ {[%emt 0:00:48]} Rxe8 {[%emt 0:00:02]} 26. Kc2 {[%emt 0:01:03]} Re7 {[%emt 0:00:13]} 27. Kb2 {[%emt 0:01:36]} Rc7 {[%emt 0:00:25]} 28. Qd3 {[%emt 0:00:52]} Be5+ {[%emt 0:05:51]} 29. Ka2 {[%emt 0:00:06]} Rc3 {[%emt 0:00:03]} 30. Qe2 {[%emt 0:00:22]} Qc7 {[%emt 0:00:30]} 31. Rb2 {[%emt 0:00:33]} Rc1 {[%emt 0:00:15]} 32. d6 {[%emt 0:01:25]} Qxd6 {[%emt 0:00:05]} 33. Rb1 {[%emt 0:00:30]} Rxb1 {[%emt 0:05:47]} 34. Kxb1 {[%emt 0:00:10]} Qd4 {[%emt 0:00:02]} 35. b4 {[%emt 0:04:09]} b6 {[%emt 0:03:39]} 36. Ka2 {[%emt 0:00:24]} Qc3 {[%emt 0:01:07]} 37. g4 {[%emt 0:01:03]} fxg4 {[%emt 0:00:22]} 38. Bxg4 {[%emt 0:00:05]} Kg7 {[%emt 0:00:22]} 39. Bf3 {[%emt 0:00:55]} a5 {[%emt 0:01:01]} 40. bxa5 {[%emt 0:00:49]} bxa5 {[%emt 0:00:02]} 41. a4 {[%emt 0:03:24]} h5 {[%emt 0:06:34]} 42. Be4 {[%emt 0:06:53]} h4 {[%emt 0:00:05]} 43. Qg2 {[%emt 0:01:54]} Qc4+ {[%emt 0:00:09]} 44. Ka3 {[%emt 0:01:05]} Qb4+ {[%emt 0:00:04]} 0-1

[Event "Xtracon Invite Chess 2020"]
[Site "Vaerloese"]
[Date "2020.01.17"]
[Round "7.4"]
[White "Sveshnikov, Evgeny"]
[Black "Brunello, Sabino"]
[Result "1-0"]
[WhiteElo "2481"]
[BlackElo "2536"]
[Annotator "ChessBase"]
[PlyCount "79"]
[EventDate "2020.01.13"]
[EventType "tourn"]
[EventCountry "DEN"]
[SourceTitle "playchess.com"]
[Source "ChessBase"]
[SourceQuality "1"]
[TimeControl "40/5400+30:1800+30"]

1. e4 {[%emt 0:00:07]} c5 {[%emt 0:00:46]} 2. Nf3 {[%emt 0:01:10]} d6 {[%emt 0:02:14]} 3. d4 {[%emt 0:00:28]} cxd4 {[%emt 0:00:10]} 4. Nxd4 {[%emt 0:00:06]} Nf6 {[%emt 0:00:03]} 5. Nc3 {[%emt 0:00:07]} a6 {[%emt 0:01:32]} 6. Bg5 {[%emt 0:00:12]} e6 {[%emt 0:00:47]} 7. f4 {[%emt 0:00:06]} Nbd7 {[%emt 0:00:19]} 8. Qf3 {[%emt 0:07:26]} Qc7 {[%emt 0:01:42]} 9. O-O-O {[%emt 0:02:00]} Be7 {[%emt 0:03:24]} 10. f5 {[%emt 0:04:48]} e5 {[%emt 0:08:01]} 11. Nb3 {[%emt 0:02:35]} b5 {[%emt 0:01:01]} 12. a3 {[%emt 0:07:31]} Bb7 {[%emt 0:19:39]} 13. Bxf6 {[%emt 0:18:39]} Nxf6 {[%emt 0:02:39]} 14. g4 {[%emt 0:04:48]} Rc8 {[%emt 0:00:16]} 15. Bd3 {[%emt 0:00:11]} h6 {[%emt 0:20:39]} 16. h4 {[%emt 0:00:52]} h5 {[%emt 0:00:38]} 17. g5 {[%emt 0:01:01]} Ng4 {[%emt 0:00:02]} 18. Nd5 {[%emt 0:09:32]} Bxd5 {[%emt 0:01:29]} 19. exd5 {[%emt 0:00:03]} Qb6 {[%emt 0:10:23]} 20. Rd2 {[%emt 0:14:26]} f6 {[%emt 0:04:07]} 21. g6 {[%emt 0:01:13]} Bd8 {[%emt 0:10:15]} 22. Re1 {[%emt 0:01:37]} Kd7 {[%emt 0:00:10]} 23. Kb1 {[%emt 0:01:55]} Qa7 {[%emt 0:01:43]} 24. Re4 {[%emt 0:05:42]} Qg1+ {[%emt 0:00:44]} 25. Ka2 {[%emt 0:00:45]} Bb6 {[%emt 0:01:54]} 26. Rg2 {[%emt 0:03:02]} Qh1 {[%emt 0:02:24]} 27. Qe2 {[%emt 0:00:02]} Ke7 {[%emt 0:02:12]} 28. Nd2 {[%emt 0:05:49]} Qxh4 {[%emt 0:01:07]} 29. c4 {[%emt 0:01:59]} Qh1 {[%emt 0:01:31]} 30. cxb5 {[%emt 0:00:19]} axb5 {[%emt 0:00:39]} 31. Bxb5 {[%emt 0:02:50]} Rc1 {[%emt 0:01:19]} 32. Nb3 {[%emt 0:00:36]} Rhc8 {[%emt 0:01:13]} 33. Bc6 {[%emt 0:00:37]} R8xc6 {[%emt 0:00:45]} 34. dxc6 {[%emt 0:00:02]} Rxc6 {[%emt 0:00:10]} 35. Qb5 {[%emt 0:00:57]} Kd7 {[%emt 0:00:02]} 36. Ree2 {[%emt 0:01:07]} Ne3 {[%emt 0:01:21]} 37. Rh2 {[%emt 0:01:35]} Qf3 {[%emt 0:00:24]} 38. Rxe3 {[%emt 0:00:30]} Qxe3 {[%emt 0:00:36]} 39. Rxh5 {[%emt 0:00:36]} Qe4 {[%emt 0:00:38]} 40. Rh7 {[%emt 0:00:16]} 1-0

[Event "Xtracon Invite Chess 2020"]
[Site "Vaerloese"]
[Date "2020.01.17"]
[Round "7.5"]
[White "Sylvan, Jacob"]
[Black "Olsen, Filip Boe"]
[Result "1/2-1/2"]
[WhiteElo "2325"]
[BlackElo "2353"]
[Annotator "ChessBase"]
[PlyCount "103"]
[EventDate "2020.01.13"]
[EventType "tourn"]
[EventCountry "DEN"]
[SourceTitle "playchess.com"]
[Source "ChessBase"]
[SourceQuality "1"]
[TimeControl "40/5400+30:1800+30"]

1. c4 {[%emt 0:00:00]} e6 {[%emt 0:00:00]} 2. g3 d5 {[%emt 0:00:00]} 3. Bg2 {[%emt 0:00:00]} Nf6 {[%emt 0:00:00]} 4. Nf3 {[%emt 0:00:04]} d4 {[%emt 0:00:07]} 5. e3 {[%emt 0:03:56]} c5 {[%emt 0:00:13]} 6. exd4 {[%emt 0:00:36]} cxd4 {[%emt 0:00:21]} 7. O-O {[%emt 0:02:20]} Nc6 {[%emt 0:00:25]} 8. d3 {[%emt 0:00:22]} Bd6 {[%emt 0:00:07]} 9. Re1 {[%emt 0:01:18]} O-O {[%emt 0:00:15]} 10. Na3 {[%emt 0:15:07]} Re8 {[%emt 0:01:18]} 11. Nc2 {[%emt 0:01:59]} e5 {[%emt 0:00:13]} 12. Rb1 {[%emt 0:02:37]} a5 {[%emt 0:02:44]} 13. b3 {[%emt 0:01:31]} Bf5 {[%emt 0:01:54]} 14. a3 {[%emt 0:01:28]} h6 {[%emt 0:02:17]} 15. b4 {[%emt 0:01:54]} axb4 {[%emt 0:00:54]} 16. axb4 {[%emt 0:00:11]} Bh7 {[%emt 0:03:59]} 17. c5 {[%emt 0:06:30]} Bb8 {[%emt 0:13:10]} 18. b5 {[%emt 0:04:24]} Ne7 {[%emt 0:05:04]} 19. Nb4 {[%emt 0:05:49]} Ned5 {[%emt 0:03:56]} 20. Bd2 {[%emt 0:00:57]} Nxb4 {[%emt 0:15:38]} 21. Bxb4 {[%emt 0:01:06]} Nd5 {[%emt 0:02:37]} 22. Nxd4 {[%emt 0:13:56]} Nf4 {[%emt 0:16:36]} 23. Nc6 {[%emt 0:15:01]} bxc6 {[%emt 0:01:42]} 24. gxf4 {[%emt 0:00:08]} Ra2 {[%emt 0:06:23]} 25. Bxc6 {[%emt 0:01:32]} Re6 {[%emt 0:02:41]} 26. Qf3 {[%emt 0:04:05]} Qh4 {[%emt 0:02:35]} 27. Re2 {[%emt 0:05:47]} e4 {[%emt 0:08:48]} 28. dxe4 {[%emt 0:02:44]} Rxe2 {[%emt 0:07:56]} 29. Qxe2 {[%emt 0:00:07]} Bxf4 {[%emt 0:01:19]} 30. f3 {[%emt 0:00:42]} Bf5 {[%emt 0:00:23]} 31. Kh1 {[%emt 0:02:09]} Bh3 {[%emt 0:00:14]} 32. Rg1 {[%emt 0:02:45]} Re5 {[%emt 0:00:05]} 33. Bc3 {[%emt 0:02:23]} Rg5 {[%emt 0:00:43]} 34. Rxg5 {[%emt 0:00:14]} hxg5 {[%emt 0:00:02]} 35. e5 {[%emt 0:02:05]} g4 {[%emt 0:00:24]} 36. e6 {[%emt 0:00:31]} g3 {[%emt 0:02:18]} 37. exf7+ {[%emt 0:00:17]} Kh7 {[%emt 0:00:18]} 38. Qe4+ {[%emt 0:00:25]} Kh6 {[%emt 0:00:12]} 39. Be1 {[%emt 0:01:50]} Bg2+ {[%emt 0:00:43]} 40. Kxg2 {[%emt 0:00:04]} Qxh2+ {[%emt 0:00:06]} 41. Kf1 {[%emt 0:30:04]} g2+ {[%emt 0:30:45]} 42. Ke2 {[%emt 0:00:00]} g1=Q+ {[%emt 0:00:00]} 43. Kd3 {[%emt 0:00:00]} Qxc5 {[%emt 0:00:00]} 44. Qe6+ {[%emt 0:00:00]} g6 {[%emt 0:00:00]} 45. Bc3 {[%emt 0:00:00]} Qd6+ {[%emt 0:00:00]} 46. Bd5 {[%emt 0:00:00]} Qa3 {[%emt 0:00:00]} 47. Bb3 {[%emt 0:00:00]} Qh4 {[%emt 0:00:00]} 48. Qc8 {[%emt 0:00:00]} Qd6+ {[%emt 0:00:00]} 49. Bd4 {[%emt 0:00:00]} Qhd8 {[%emt 0:02:52]} 50. Qh3+ {[%emt 0:00:00]} Kg5 {[%emt 0:00:03]} 51. Qg4+ {[%emt 0:00:00]} Kh6 {[%emt 0:00:03]} 52. Qh3+ {[%emt 0:00:00]} 1/2-1/2

[Event "Xtracon Invite Chess 2020"]
[Site "Vaerloese"]
[Date "2020.01.18"]
[Round "8.1"]
[White "Brunello, Sabino"]
[Black "Berkes, Ferenc"]
[Result "1/2-1/2"]
[WhiteElo "2536"]
[BlackElo "2649"]
[Annotator "TA"]
[PlyCount "65"]
[EventDate "2020.01.13"]
[EventType "tourn"]
[EventCountry "DEN"]
[SourceTitle "playchess.com"]
[Source "ChessBase"]
[SourceQuality "1"]

{[%evp 14,65,24,29,62,1,5,0,0,0,52,10,10,0,0,-16,-8,-4,0,-27,-29,-32,-31,-42,-52,-60,-47,-47,-66,-63,-5,-9,-12,-9,0,0,0,0,0,0,47,45,58,49,62,7,47,34,67,16,19,15,14,0]} 1. d4 d5 2. c4 c6 3. Nf3 Nf6 4. Nc3 a6 5. c5 g6 6. Bf4 Bg7 7. e3 O-O 8. h3 $1 {8.h3 is better than 8.Be2.} Bf5 {D15: Slav Defence: 4 Nc3 a6 and gambit lines after 4 Nc3 dxc4.} 9. Bd3 (9. Be2 $14) 9... Bxd3 $11 10. Qxd3 Nbd7 11. O-O Ne8 {[#]} (11... Re8 $11) 12. b4 $146 ({Predecessor:} 12. Bg3 Nc7 13. Rfe1 Re8 14. e4 dxe4 15. Nxe4 Ne6 16. Rad1 Nf6 17. Nxf6+ Bxf6 18. Qb3 {½-½ (46) Haag,G (2250)-Wuethrich,L (2160) Switzerland 2017}) 12... Nc7 13. Rfe1 Re8 14. e4 dxe4 15. Nxe4 Ne6 16. Bh2 a5 17. a3 Nf6 18. Ned2 axb4 19. axb4 Rxa1 20. Rxa1 Nd5 21. Qc4 b5 ({Better is} 21... Ndc7 $15) 22. cxb6 $1 Qxb6 {[%cal Rg7d4]} 23. Ra6 Qxb4 24. Qxc6 Nf6 $1 25. Ra4 Qb2 26. d5 Nd8 (26... Ng5 $5 {[%cal Rg5f3]} 27. Be5 Nxf3+ 28. Nxf3 Qb3 $11) 27. Qc4 Qb7 28. Ra5 h5 29. Rb5 (29. Bg3 $14) 29... Qa6 30. Bc7 {Strongly threatening Rb8.} Nd7 31. Qb3 (31. g3 $14) 31... Qc8 32. Bf4 Nb7 33. Ne4 {Accuracy: White = 69%, Black = 78%.} 1/2-1/2

[Event "Xtracon Invite Chess 2020"]
[Site "Vaerloese"]
[Date "2020.01.18"]
[Round "8.2"]
[White "Thybo, Jesper Sondergaard"]
[Black "Sveshnikov, Evgeny"]
[Result "1-0"]
[WhiteElo "2579"]
[BlackElo "2481"]
[Annotator "ChessBase"]
[PlyCount "57"]
[EventDate "2020.01.13"]
[EventType "tourn"]
[EventCountry "DEN"]
[SourceTitle "playchess.com"]
[Source "ChessBase"]
[SourceQuality "1"]
[TimeControl "40/5400+30:1800+30"]

1. d4 {[%emt 0:00:00]} d5 {[%emt 0:00:00]} 2. c4 {[%emt 0:00:00]} e6 {[%emt 0:00:00]} 3. Nf3 {[%emt 0:00:03]} Nf6 {[%emt 0:00:00]} 4. g3 {[%emt 0:00:18]} dxc4 {[%emt 0:00:07]} 5. Bg2 {[%emt 0:00:15]} c5 {[%emt 0:00:08]} 6. O-O {[%emt 0:00:35]} Nc6 {[%emt 0:00:07]} 7. dxc5 {[%emt 0:00:27]} Qxd1 {[%emt 0:00:15]} 8. Rxd1 {[%emt 0:00:07]} Bxc5 {[%emt 0:00:07]} 9. Nbd2 {[%emt 0:00:18]} c3 {[%emt 0:00:12]} 10. bxc3 {[%emt 0:00:08]} O-O {[%emt 0:03:03]} 11. Nb3 {[%emt 0:00:37]} Be7 {[%emt 0:00:15]} 12. Nfd4 {[%emt 0:00:26]} Bd7 {[%emt 0:02:05]} 13. Nb5 {[%emt 0:00:32]} Rfd8 {[%emt 0:15:18]} 14. Be3 {[%emt 0:00:46]} Ne5 {[%emt 0:52:14]} 15. a4 {[%emt 0:00:38]} a6 {[%emt 0:03:26]} 16. Bxb7 {[%emt 0:12:12]} axb5 {[%emt 0:00:16]} 17. Bxa8 {[%emt 0:01:44]} Rxa8 {[%emt 0:06:27]} 18. Bd4 {[%emt 0:00:37]} Neg4 {[%emt 0:01:50]} 19. axb5 {[%emt 0:22:59]} Rxa1 {[%emt 0:00:22]} 20. Rxa1 {[%emt 0:00:09]} Bxb5 {[%emt 0:00:20]} 21. h3 {[%emt 0:05:29]} e5 {[%emt 0:01:03]} 22. Ra8+ {[%emt 0:02:27]} Ne8 {[%emt 0:04:18]} 23. hxg4 {[%emt 0:02:11]} exd4 {[%emt 0:00:11]} 24. Nxd4 {[%emt 0:00:05]} Bd7 {[%emt 0:00:11]} 25. Ra7 {[%emt 0:00:19]} Nf6 {[%emt 0:00:32]} 26. g5 {[%emt 0:00:06]} Bc5 {[%emt 0:00:28]} 27. Rb7 {[%emt 0:00:14]} Bxd4 {[%emt 0:01:34]} 28. gxf6 {[%emt 0:01:13]} Bxc3 {[%emt 0:00:19]} 29. Rb8+ {[%emt 0:00:08]} 1-0